000 00600nam 22002053 4500
001 199065
010 _a972-9230-26-9
021 _b35289/90
090 _a199065
100 _a20251117d u||y0pory50 ba
200 _aNovos dicionários de expressões idiomáticas
_epotruguês
_fAntónio Nogueira Santos
205 _a
210 _aLisboa
_cEdições João Sá da Costa
_d1990
215 _a463 p.
_cencadernado
_d24 cm
606 _93131
_aDicionários
675 _a030
_vPT
_zpor
700 _914961
_aSantos
_bAntónio Nogueira
801 _aPT
_bBMMN
_gRPC
830 _cFernando
_fFernando
990 _cLIVROS